Обеспечение плавного разгона и торможения промышленных механизмов; Известия Томского политехнического университета [Известия ТПУ]; Т. 319, № 4 : Энергетика

Bibliographic Details
Parent link:Известия Томского политехнического университета [Известия ТПУ]/ Томский политехнический университет (ТПУ).— , 2000-
Т. 319, № 4 : Энергетика.— 2011.— [С. 122-127]
Other Authors: Краснов И. Ю. Иван Юрьевич, Гусев Н. В. Николай Владимирович, Ланграф С. В. Сергей Владимирович, Ляпушкин С. В. Сергей Викторович
Summary:Заглавие с титульного листа
Электронная версия печатной публикации
Представлен алгоритм осуществления плавного разгона и торможения для промышленных механизмов, имеющих в своей структуре асинхронные двигатели, управляемые преобразователями частоты. Представлены результаты моделирования переходных процессов, протекающих в асинхронном двигателе в процессе его плавного разгона и плавного торможения. Результаты показали, что использование S-образных профилей разгона и торможения электропривода грузоподъемного механизма, в частности пассажирского лифта, обеспечивает плавность хода кабины лифта, что сказывается на комфортности пассажиров, а также на сохранности механических частей оборудования (редуктора привода).
Language:Russian
Published: 2011
Series:Энергетика
Subjects:
Online Access:http://www.lib.tpu.ru/fulltext/v/Bulletin_TPU/2011/v319/i4/26.pdf
Format: MixedMaterials Electronic Book Chapter
KOHA link:https://koha.lib.tpu.ru/cgi-bin/koha/opac-detail.pl?biblionumber=206006

MARC

LEADER 00000nla2a2200000 4500
001 206006
005 20240224144824.0
035 |a (RuTPU)RU\TPU\book\224550 
035 |a RU\TPU\book\224535 
090 |a 206006 
100 |a 20111222d2011 k y0rusy50 ca 
101 0 |a rus 
102 |a RU 
135 |a drnn ---uucaa 
181 0 |a i  
182 0 |a b 
200 1 |a Обеспечение плавного разгона и торможения промышленных механизмов  |f И. Ю. Краснов [и др.] 
203 |a Текст  |c электронный 
215 |a 1 файл (455 Кб) 
225 1 |a Энергетика 
300 |a Заглавие с титульного листа 
300 |a Электронная версия печатной публикации 
320 |a [Библиогр.: с. 127 (5 назв.)] 
330 |a Представлен алгоритм осуществления плавного разгона и торможения для промышленных механизмов, имеющих в своей структуре асинхронные двигатели, управляемые преобразователями частоты. Представлены результаты моделирования переходных процессов, протекающих в асинхронном двигателе в процессе его плавного разгона и плавного торможения. Результаты показали, что использование S-образных профилей разгона и торможения электропривода грузоподъемного механизма, в частности пассажирского лифта, обеспечивает плавность хода кабины лифта, что сказывается на комфортности пассажиров, а также на сохранности механических частей оборудования (редуктора привода). 
337 |a Adobe Reader 
461 1 |0 (RuTPU)RU\TPU\book\176237  |t Известия Томского политехнического университета [Известия ТПУ]  |f Томский политехнический университет (ТПУ)  |d 2000- 
463 1 |0 (RuTPU)RU\TPU\book\224153  |x 1684-8519  |t Т. 319, № 4 : Энергетика  |v [С. 122-127]  |d 2011  |p 190 с. 
610 1 |a плавный разгон 
610 1 |a плавное торможение 
610 1 |a профили 
610 1 |a промышленные механизмы 
610 1 |a асинхронные двигатели 
610 1 |a преобразователи частоты 
610 1 |a управление 
610 1 |a переходные процессы 
610 1 |a результаты моделирования 
610 1 |a пассажирские лифты 
610 1 |a плавность хода 
610 1 |a редукторы 
610 1 |a сохранность 
610 1 |a труды учёных ТПУ 
610 1 |a электронный ресурс 
701 1 |a Краснов  |b И. Ю.  |c специалист в области электротехники  |c доцент Томского политехнического университета, кандидат технических наук  |f 1981-  |g Иван Юрьевич  |3 (RuTPU)RU\TPU\pers\25675  |9 11586 
701 1 |a Гусев  |b Н. В.  |c специалист в области электротехники  |c доцент Томского политехнического университета, кандидат технических наук  |f 1981-  |g Николай Владимирович  |3 (RuTPU)RU\TPU\pers\26528  |9 12222 
701 1 |a Ланграф  |b С. В.  |c специалист в области электротехники  |c доцент Томского политехнического университета, кандидат технических наук  |f 1977-  |g Сергей Владимирович  |3 (RuTPU)RU\TPU\pers\25900  |9 11751 
701 1 |a Ляпушкин  |b С. В.  |c специалист в области электротехники  |c доцент Томского политехнического университета, кандидат технических наук  |f 1973-  |g Сергей Викторович  |y Томск  |3 (RuTPU)RU\TPU\pers\27842  |9 12877 
801 1 |a RU  |b 63413507  |c 20090623  |g PSBO 
801 2 |a RU  |b 63413507  |c 20211229  |g PSBO 
856 4 |u http://www.lib.tpu.ru/fulltext/v/Bulletin_TPU/2011/v319/i4/26.pdf 
942 |c CF